Victory through air power
Gardado en:
| Autor Principal: | |
|---|---|
| Formato: | Libro |
| Idioma: | Undetermined |
| Publicado: |
Garden City
Garden City Publishing Co.
1943
|
| Những chủ đề: | |
| Các nhãn: |
Engadir etiqueta
Sen Etiquetas, Sexa o primeiro en etiquetar este rexistro!
|
| Thư viện lưu trữ: | Trung tâm Học liệu Trường Đại học Cần Thơ |
|---|
| LEADER | 00613nam a2200217Ia 4500 | ||
|---|---|---|---|
| 001 | CTU_88274 | ||
| 008 | 210402s9999 xx 000 0 und d | ||
| 082 | |a 623.74 | ||
| 082 | |b S498 | ||
| 100 | |a Seversky, Alexander P. De | ||
| 245 | 0 | |a Victory through air power | |
| 245 | 0 | |c Alexander P. De Seversky | |
| 260 | |a Garden City | ||
| 260 | |b Garden City Publishing Co. | ||
| 260 | |c 1943 | ||
| 650 | |a Aeronautics,World War | ||
| 650 | |x Military,Aerial operations | ||
| 650 | |y 1939-1945 | ||
| 650 | |z United States | ||
| 904 | |i Bằng,Hải | ||
| 980 | |a Trung tâm Học liệu Trường Đại học Cần Thơ | ||